| 000 | 00392nam a2200145Ia 4500 | ||
|---|---|---|---|
| 008 | 231217s9999 xx 000 0 und d | ||
| 041 | _aEnglish | ||
| 082 | _a621.381958 DIG | ||
| 100 | _aDigital Equipement Corporation | ||
| 245 | 0 | _aDigital logic handbook | |
| 260 |
_c1967 _bMassachusetts : Digital equipement, |
||
| 300 | _axix+328 | ||
| 650 | _aDigital,logic,handbook | ||
| 942 | _cAA | ||
| 999 |
_c169761 _d169761 |
||